MARC

LEADER 00000nas a2200000 a 4500
001 ssj0026923
003 WaSeSS
005 20200512172242.0
006 m d
007 cr n
008 010731c20019999coutr p s o 0 0eng c
010 |a  2001235376 
016 7 |a 010489143  |2 Uk 
022 |a 2234-6643  |l 1598-2408  |y 1598-2408 
035 |a (WaSeSS)ssj0026923 
040 |a HLS  |b eng  |c HLS  |d TJC  |d WAU  |d DLC  |d NYP  |d MYG  |d OCLCQ  |d OCLCA  |d UKMGB  |d OCLCQ  |d OCLCO  |d EYM  |d OCLCF  |d OCLCO  |d OCL  |d MYG  |d U3G  |d WaSeSS 
042 |a pcc 
043 |a ae----- 
050 0 0 |a DS501  |b .J643 
245 0 0 |a Journal of East Asian studies  |h [electronic resource]. 
246 1 4 |a JEAS  |f 2001-2002 
260 |a Seoul, Korea :  |b B Nanam,  |c [2001]- 
310 |a Three times a year,  |b 2003- 
321 |a Semiannual,  |b 2001-2002 
362 0 |a Vol. 1, no. 1 (Feb. 2001)- 
500 |a Published: Boulder, CO : Lynne Rienner Publishers, 2003- 
506 |a License restrictions may limit access. 
550 |a Issued by: East Asian Studies Program, Dept. of Political Science, Korea University, Aug. 2001- ; East Asia Institute, Aug. 2002- 
588 |a Latest issue consulted: Vol. 5, no. 1 (Jan./Apr. 2005). 
650 7 |a Economic history.  |2 fast  |0 (OCoLC)fst00901974 
650 7 |a Politics and government.  |2 fast  |0 (OCoLC)fst01919741 
650 7 |a Social conditions.  |2 fast  |0 (OCoLC)fst01919811 
651 0 |a East Asia  |v Periodicals. 
651 0 |a East Asia  |x Politics and government  |v Periodicals. 
651 0 |a East Asia  |x Economic conditions  |v Periodicals. 
651 0 |a East Asia  |x Social conditions  |v Periodicals. 
651 7 |a East Asia.  |2 fast  |0 (OCoLC)fst01243628 
655 0 |a Electronic journals. 
710 2 |a Koryŏ Taehakkyo.  |b East Asian Studies Program. 
710 2 |a Tong Asia Yŏn'guwŏn (Korea) 
850 |a DLC  |a MH 
853 2 0 |8 1  |a v.  |b no.  |u 2  |v r  |i (year)  |j (month)  |w f 
856 4 0 |z Full text available from Research Library: 01/01/2008 to 1 year ago  |u https://search.proquest.com/publication/40360 
863 4 1 |8 1.1  |a 1  |b 1  |i 2001  |j 02